000 00429nam a2200181Ia 4500
003 OSt
005 20230522154936.0
008 210210b1906 xxu||||| |||| 00| 0 eng d
040 _cAL
041 _aeng
082 _a828/325
100 _aJOHNSON (S)
_9110685
245 _aLife of Milton: Deighton Ed
260 _aLondon
_bMacmillan & Co. Ltd.
_c1906
690 _aBiography
_9110686
906 _a016170
942 _2ddc
_cBK
999 _c135580
_d135580